01349cam a2200385 a 4500001001700000003000700017005001700024007000700041008004100048010001700089040005500106020001500161020001800176020002500194020002800219035002000247042000900267050002400276082001200300100002300312245012900335260004600464300004200510490002800552500003100580520010100611650002100712650002400733650001900757650003800776655001900814700002000833700002000853856009000873casperross00rossCaSfIA20230525154920.0cr||||941108s1995 wiua j 000 1 eng  a 94073367  aDLCcDLCdMCPdOCLdBTCTAdTOHdIHIdOCLCAdCaSfIA a0307128342 a9780307128348 a0307628345 (lib.bdg) a9780307628343 (lib.bdg) a(OCoLC)32847399 alcac00aPZ7.R7222bCas 199500a[E]2201 aRossiter, Laura M.10aCasper /h[electronic resource] cadapted by Laura M. Rossiter from the screenplay written by Sherri Stoner & Deanna Oliver. aRacine, Wis. :bWestern Pub. Co.,cc1995. a1 v. (unpaged) :bcol. ill. ;c21 cm.0 aA Golden look-look book a"A Golden book, New York." aThe adventures of Casper and the Ghostly trio when a woman inherits the mansion that they haunt. 1aGhostsvFiction. 1aHalloweenvFiction. 0aGhost stories. 0aHaunted housesvJuvenile fiction. 0aGhost stories.1 aStoner, Sherri.1 aOliver, Deanna.41uhttp://www.archive.org/details/casperross00rosszFree eBook from the Internet Archive